| 000 | 01818nam a2200445 c 4500 | ||
|---|---|---|---|
| 999 |
_c104310 _d104310 |
||
| 003 | BLK | ||
| 005 | 20231219005405.0 | ||
| 008 | 180409b bul|||||r ||||||| ||bul|| | ||
| 010 | _aKNG00109414000 | ||
| 020 | _a954-26-0120-4 | ||
| 040 | _aBLK | ||
| 041 |
_aBUL _cBUL |
||
| 080 |
_b523/524 _x:087.5 _z523/524:087.5 |
||
| 100 | 1 |
_aДейвис, Франсис _eпърви автор _9285502 |
|
| 139 |
_aДейвис, Франсис _bД 34 |
||
| 245 | 1 | 0 |
_aВселената _cФрансис Дейвис; прев. от англ. Маргарита Месроб Дограмаджян; ил. Лоренцо Чеки. |
| 257 | _aUSA | ||
| 260 |
_bХермес _c2003 _fПловдив : Багра |
||
| 300 |
_a32 с. _bс цв. ил. _c26 см |
||
| 380 | _aDN | ||
| 490 |
_aДетска енциклопедия Да научим повече за... _9201224 |
||
| 500 | _aОриг. загл. The Universe / Francis Davies. - Авт. не е отбелязан на кор. - Офс. изд. - Съдържа и Речник ; Уебстраници. - Азб. показалец. | ||
| 650 | 4 |
_aКосмология _9159537 |
|
| 650 | 4 |
_aЕнциклопедии, детски _9154962 |
|
| 653 | _aВселена | ||
| 653 | _aенциклопедии | ||
| 653 | _aкосмология | ||
| 653 | _aКосмос | ||
| 653 | _aлитература за деца | ||
| 653 | _aдетска литература | ||
| 700 | 1 |
_aДограмаджян, Маргарита Месроб _eпрев. от англ. _963864 |
|
| 700 | 1 |
_aЧеки, Лоренцо _eил. _9141196 |
|
| 852 | _aЦб ІІ 12302 | ||
| 856 | 4 | _qpdf | |
| 856 | 4 | _qpdf | |
| 942 |
_cKNG _n0 _03 _s1 |
||
| 944 |
_aCR _c05.12.2003 _k _lCRON CRON |
||
| 944 |
_aED _c07.01.2005 |
||
| 999 | _d104310 | ||